Vincent van Gogh, 1853-1890: visión y realidad

Saved in:
書目詳細資料
主要作者: Walther, Ingo F (Author)
格式: 圖書
語言:西班牙语
出版: Colonia Benedikt Taschen 1990
主題:
標簽: 添加標簽
沒有標簽, 成為第一個標記此記錄!

MARC

LEADER 00000nam a2200000 a 4500
001 UCX7719
003 CL-VaPUC
008 931228e19900000GW |||||||||||||||||spa|d
082 0 4 |a 759.9492  |b WAL  |2 21 
100 0 |a Walther, Ingo F  |e author  |9 324633 
245 1 0 |a Vincent van Gogh, 1853-1890: visión y realidad 
300 |a 95 p 
942 |c BK 
945 |d 19931228 00:00:00  |a nfarias 
260 |a Colonia  |b Benedikt Taschen  |c 1990 
600 0 7 |a GOGH, VINCENT VAN  |2 CL-VaPUC  |9 266905 
650 7 |a PINTURA MODERNA SIGLO 19  |2 CL-VaPUC  |9 324634 
650 7 |a POST-IMPRESIONISMO  |2 CL-VaPUC  |9 324635 
651 0 |a Holanda  |9 267234 
583 |a last modification  |c 20160826 03:20:14  |k Rodrigo Vera 
999 |c 227467  |d 227465 
952 |0 0  |1 0  |4 0  |6 759_949200000000000_WAL_1990  |7 0  |8 A  |9 226518  |a BIBARQ  |b BIBARQ  |d 2019-11-15  |i 2955199  |o 759.9492 WAL 1990  |p 2955199  |r 2025-01-20  |w 2019-11-15  |y BK  |k ARQ 
952 |0 0  |1 0  |4 0  |6 759_949200000000000_WAL_1990  |7 0  |8 A  |9 226519  |a BIBHIS  |b BIBHIS  |d 2019-11-15  |i 3624331  |o 759.9492 WAL 1990  |p 3624331  |r 2025-01-20  |w 2019-11-15  |y BK  |k HIS